00515nam a2200193 a 4500001001300000003000900013005001700022008004100039020001000080082001700090100002000107245003000127260005900157300000900216500003500225505001700260650002400277700002000301nice12345678IN_TiNIC20260116011654.0050524s1964 bana grp 000 0 eng  ac7.500a291.172bDEV aDevanandan, P D aPreparation for Dialogue. aBangalorebChristian Instt.For Study of Religionc1964 a193p aincludes index and biblioraphy2 aBibliography aInterfaith Dialogue1 aDevanandan, P D